Strategie obrany proti nízkonákladovým konkurentům
Cenové vojny medzi etablovanými firmami a nízkonákladovou konkurenčnou firmou. Praktický príklad predaja leteniek etablovanou firmou a nízkonákladovou firmou. Strategické varianty úspešného súťaženia a obrany proti nízkonákladovým firmám. Trend migrácie zákazníkov k nízkonákladovým konkurentom.
Salvato in:
| Autore principale: | |
|---|---|
| Natura: | Capitolo di libro |
| Lingua: | ceco |
| Soggetti: | |
| Tags: |
Nessun Tag, puoi essere il primo ad aggiungerne!!
|
MARC
| LEADER | 00000naa$a2200000$$$4500 | ||
|---|---|---|---|
| 001 | 0057236 | ||
| 005 | 20231128135034.3 | ||
| 041 | 0 | |a cze | |
| 044 | |a CZ | ||
| 245 | 1 | 0 | |a Strategie obrany proti nízkonákladovým konkurentům |c N. Kumar |
| 520 | |a Cenové vojny medzi etablovanými firmami a nízkonákladovou konkurenčnou firmou. Praktický príklad predaja leteniek etablovanou firmou a nízkonákladovou firmou. Strategické varianty úspešného súťaženia a obrany proti nízkonákladovým firmám. Trend migrácie zákazníkov k nízkonákladovým konkurentom. | ||
| 610 | 2 | 0 | |a trh |
| 610 | 2 | 0 | |a obchod |
| 610 | 2 | 0 | |a podnikanie |
| 610 | 2 | 0 | |a konkurencia |
| 610 | 2 | 0 | |a stratégia podnikateľská |
| 610 | 2 | 0 | |a stratégia obchodná |
| 610 | 2 | 0 | |a marketing |
| 610 | 2 | 0 | |a náklady |
| 100 | 1 | |a Kumar, N. | |